| 000 | 01274cam a22001934a 4500 | ||
|---|---|---|---|
| 005 | 20250605164134.0 | ||
| 008 | 250528s ||||||||||||||||||||||||d | ||
| 035 | _a18714 | ||
| 020 | _a9603511390 | ||
| 040 |
_aGR-AtMCL _bgre _dGR-AtMCL _eAACR2 |
||
| 245 | 1 | _aΜαθήματα Δημόσιας Οικονομικής / Άριστη Κατανομή των Παραγωγικών Συντελεστών | |
| 260 |
_bΣταμούλης Α, _c1997 |
||
| 300 | _a516 | ||
| 520 | _aΠίνακας Περιεχομένων, Γενικός Πρόλογος, Κράτος και Οικονομία και Δημόσια Οικονομική, Ανάλυση της Λειτουργίας του Ιδιωτικό-Οικονομικού Τομέα, Άριστη Κατανομή των Παραγωγικών Σντελεστών, Η Κατά Pareto Αριστοποίηση και ο Ρόλος του Κράτους, Εξωτερικές Επιδράσεις, Δημόσια Αγαθά, Ο Πολιτικός Μηχανισμός Λήψεως Συλλογικών Αποφάσεων, Δημόσιος Προϋπολογισμός, Ανάλυση Δημόσιων Δαπανών. | ||
| 700 | 1 |
_aΔράκος Γ. Ε _94966 |
|
| 942 | _cBK | ||
| 999 |
_c4039 _d4039 |
||